| 000 | 00432nam a2200169Ia 4500 | ||
|---|---|---|---|
| 008 | 220204s9999 xx 000 0 und d | ||
| 082 |
_a575:575.1 _bBUR;1 |
||
| 100 | _aBURNS, George W | ||
| 245 | 0 | _aScience of genetics: An introductin to heredity. | |
| 250 | _aEd.3 | ||
| 260 |
_aNew York _bMacmillan _c1976 |
||
| 650 | _aGenetic code | ||
| 650 | _aGenetics | ||
| 650 | _aHeredity | ||
| 650 | _aMultiple alletes | ||
| 942 | _cBK | ||
| 999 |
_c24748 _d24748 |
||